000 00447cam a2200169ua 4500
020 _a0-02-421160-4
041 _aeng
_h
082 _a631.8
_bTIS/SO
100 _aTisdale, Samuel L.
245 _aSoil fertility and fertilizers /
_cSamuel L Tisdale.
_hTextual Documents
260 _aNew York :
_bMcGraw Hill Book Company ,
_c1975.
300 _a694 ; .
504 _a
700 1 _aNelson, Warner L .
942 _cBK
999 _c10742
_d10742